000 00372nam a2200145Ia 4500
008 230917s9999||||xx |||||||||||||| ||und||
040 _e68445
_aMAIN
041 _aEnglish
082 _a330.9 I2O
100 _aIndian Statistical Institute
245 0 _aOriental countries today, V2
260 _aCalcutta
_bStatical Publishing
_c1976
300 _a284 p.
942 _cBK
999 _c168822
_d168822